| 000 | 00951nam a2200229Ia 4500 | ||
|---|---|---|---|
| 999 |
_c5374 _d5374 |
||
| 003 | OSt | ||
| 005 | 20200617123854.0 | ||
| 008 | 191128s1977 fr ad fr 000 0 eng d | ||
| 040 |
_aCO-JMCR _cCO-JMCR |
||
| 041 | 0 | _aeng | |
| 082 | 0 | 4 |
_a330.04 / _bC749c _223 |
| 111 | 2 |
_aCongress of the International Institute of Public Finance _n(31st : _d1975 : _cParis) _95699 |
|
| 245 | 1 | 0 |
_aPublic economics and human resources : _b31st Congress of the International Institute of Public Finance, Paris, 8-12 september 1975 / |
| 250 | _a1re edition | ||
| 260 |
_aParis : _bCujas, _c1977 |
||
| 300 |
_a309 páginas : _bgráficos a blanco y negro ; _c24 cm. |
||
| 505 | 0 | _aDemography and the lobour market -- Health -- Income redistribution | |
| 650 | 1 | 4 |
_aRecursos humanos _95700 _vCongresos, seminarios, etc. |
| 650 | 1 | 4 |
_aEconomía _95701 _vCongresos, seminarios, etc. |
| 650 | 1 | 4 |
_aTeoría de lo público _95702 _vCongresos, seminarios, etc. |
| 942 |
_2ddc _cBK |
||